| 000 | 01049nam a2200217 a 4500 | ||
|---|---|---|---|
| 005 | 20161229144310.0 | ||
| 008 | 161229s2013 ck ad|||r|||| 00| 0 spa d | ||
| 040 |
_aCO-BoIAVH _cCO-BoIAVH |
||
| 041 | 0 | _aspa | |
| 044 | _ack | ||
| 082 | 0 | 4 |
_a304.25 _bA61c |
| 245 | 0 | 0 |
_aAnálisis del contexto socio-económico, institucional y ambiental del entorno y la formulación y divulgación de un plan de acción para contrarestar los efectos asociados al cambio climático en el departamento de La Guajira / _cCorpoguajira |
| 260 |
_aRioacha? (Colombia) : _bCorpoguajira, _c2013. |
||
| 300 |
_a47 páginas : _bilustraciones a color y gráficas ; _c14 x 21 cm. |
||
| 650 | 2 | 6 |
_aCambio climático _zGuajira (Departamento, Colombia) |
| 650 | 2 | 6 |
_aPrevención de polución _zGuajira (Departamento, Colombia) |
| 650 | 2 | 6 |
_aMitigación del cambio climático _zGuajira (Departamento, Colombia) |
| 650 | 2 | 6 |
_aAdaptación al cambio climático _zGuajira (Departamento, Colombia) |
| 710 | 2 | _aCorpoguajira | |
| 942 |
_2ddc _cLIBRO |
||
| 999 |
_c19212 _d19212 |
||